<?xml version="1.0" encoding="UTF-8"?>
<collection xmlns="http://www.loc.gov/MARC21/slim">
 <record>
  <leader>01200nam a22002057a 4500</leader>
  <controlfield tag="001">NCT_35779</controlfield>
  <controlfield tag="008">180522b        xxu||||| |||| 00| 0 vie d</controlfield>
  <datafield tag="999" ind1=" " ind2=" ">
   <subfield code="c">1725</subfield>
   <subfield code="d">1725</subfield>
  </datafield>
  <datafield tag="020" ind1=" " ind2=" ">
   <subfield code="c">27.000</subfield>
  </datafield>
  <datafield tag="082" ind1="0" ind2="4">
   <subfield code="2">23rd ed.</subfield>
   <subfield code="a">620.0042028</subfield>
   <subfield code="b">T305</subfield>
  </datafield>
  <datafield tag="100" ind1="1" ind2=" ">
   <subfield code="a">Nguyễn Văn Tiến</subfield>
  </datafield>
  <datafield tag="245" ind1="1" ind2="0">
   <subfield code="a">Vẽ kỹ thuật bằng Autocad</subfield>
   <subfield code="c">Nguyễn Văn Tiến</subfield>
  </datafield>
  <datafield tag="250" ind1=" " ind2=" ">
   <subfield code="a">Tái bản lần thứ ba</subfield>
  </datafield>
  <datafield tag="260" ind1=" " ind2=" ">
   <subfield code="a">H.</subfield>
   <subfield code="b">Nhà xuất bản giáo dục Việt Nam</subfield>
   <subfield code="c">2010</subfield>
  </datafield>
  <datafield tag="300" ind1=" " ind2=" ">
   <subfield code="a">171 tr.</subfield>
   <subfield code="b">Minh họa</subfield>
   <subfield code="c">27 cm</subfield>
  </datafield>
  <datafield tag="520" ind1="3" ind2=" ">
   <subfield code="a">Trình bày các kiến thức về vẽ kỹ thuật trên máy tính bằng phần mềm Autocad như: làm quen với màn hình Autocad, chuột, bàn phím, toạ độ, lệnh, lệnh vẽ, lập bản vẽ mẫu, các lệnh hiệu chỉnh và phối hợp lệnh vẽ và hiệu chỉnh, vẽ hình chiếu trục đo 2D, gh</subfield>
  </datafield>
  <datafield tag="653" ind1=" " ind2=" ">
   <subfield code="a">Công nghệ Kỹ thuật Ô tô</subfield>
  </datafield>
  <datafield tag="942" ind1=" " ind2=" ">
   <subfield code="2">ddc</subfield>
   <subfield code="c">BK</subfield>
  </datafield>
  <datafield tag="952" ind1=" " ind2=" ">
   <subfield code="0">0</subfield>
   <subfield code="1">0</subfield>
   <subfield code="2">ddc</subfield>
   <subfield code="4">0</subfield>
   <subfield code="6">620_004202800000000_T305</subfield>
   <subfield code="7">0</subfield>
   <subfield code="9">8277</subfield>
   <subfield code="a">000001</subfield>
   <subfield code="b">000001</subfield>
   <subfield code="d">2018-05-22</subfield>
   <subfield code="o">620.0042028 T305</subfield>
   <subfield code="p">MD.11278</subfield>
   <subfield code="r">2018-05-22</subfield>
   <subfield code="v">27000.00</subfield>
   <subfield code="w">2018-05-22</subfield>
   <subfield code="y">BK</subfield>
  </datafield>
  <datafield tag="980" ind1=" " ind2=" ">
   <subfield code="a">Thư viện Trường Đại học Nam Cần Thơ</subfield>
  </datafield>
 </record>
</collection>
